000 00739nas a2200277 4500
001 BR8900846
003 BR-BrBNA
005 20231205091442.0
007 ta
008 230509b bl.|||p| |||| 00| 00por d
040 _aBR-BrBNA
_bpor
_cBiblioteca Nacional de Agricultura
041 _a(Pt)
072 _aN10; M12
100 1 _aCampos, V.
245 1 _aRas em gaiolas: e producao garantida
650 _aRA
650 _aGAIOLA
650 _aGANHO DE PESO
650 _aPESO
650 _aENGORDA
650 _aPRODUCAO ANIMAL
650 _aPRODUTIVIDADE
773 0 _tBalde Branco (Brazil)
_xISSN 0366-0567
_g(Nov 1988), v. 25(289) p. 37-39
_wBR8900846
909 _a202311
_bLúcia
_c55
_dLúcia Elande
942 _2AGRIS
_n0
_cANA
999 _c125181
_d125181